000 01115nam a2200265Ia 4500
001 880.9-FIN m. mo (19341)
003 IT-MiSPE
008 171229s9999||||xx |||||||||||||| ||und||
040 _aIT-MiSPE
_cIT-MiSPE
041 _aITALIANO
100 _aM. I. Finley
240 _aThe world of Odisseus
245 0 _aIl mondo di Odisseo
250 _a2a ed.
260 _aBologna
_bCappelli
_c1966
300 _a187 p.
_c19 cm
490 _aUniversale
_v63
501 _aEdizioni San Paolo srl - Piazza Soncino, 5 - 20092 CINISELLO BALSAMO (MI) (non commercial uses only) ® Copyright 2018
520 _aAltri autori: Henry Furst, Giuseppe Antonelli (intr.)
700 _aGiuseppe Antonelli
700 _aOrsola Nemi
_g(traduzione)
942 _cBK
957 _71
999 _a5749
_bNO
_g Copie: 1
_c355098
_d355098